| 000 | 00438nam a22001697a 4500 | ||
|---|---|---|---|
| 003 | MPLRDC | ||
| 005 | 20220104125502.0 | ||
| 008 | 210129b ||||| |||| 00| 0 eng d | ||
| 082 | _a899.9386 NYSB | ||
| 100 | _a钟天祥总编辑 | ||
| 245 |
_a南洋商报85周年报庆纪念册 _c |
||
| 250 | _a初版 | ||
| 260 |
_a马来西亚 _b南洋商报 _c2008 |
||
| 300 | _b256 | ||
| 650 | _a马来西亚报业 | ||
| 942 |
_cBK _o899.9386 NYSB |
||
| 999 |
_c27742 _d27732 |
||